Introduction to general topology (Record no. 59690)

MARC details
000 -LEADER
fixed length control field 00401nam a2200169Ia 4500
008 - FIXED-LENGTH DATA ELEMENTS--GENERAL INFORMATION
fixed length control field 230917s9999||||xx |||||||||||||| ||und||
020 ## - ISBN
Price RS45
040 ## - CATALOGING SOURCE
-- 21020
Original cataloging agency VIVEKANANDA LIBRARY
041 ## - Language
-- English
082 ## - DDC NUMBER
Classification number 514 J78I
100 ## - MAIN ENTRY--PERSONAL NAME
Personal name Joshi, K D
245 #0 - TITLE STATEMENT
Title Introduction to general topology
250 ## - EDITION STATEMENT
Edition statement Rev. ed.
260 ## - PUBLICATION, DISTRIBUTION, ETC. (IMPRINT)
Place of publication, distribution, etc New Delhi
Name of publisher, distributor, etc Wiley Eastern
Date of publication, distribution, etc 1986
300 ## - PHYSICAL DESCRIPTION
Pages xii, 412 p.
942 ## - ADDED ENTRY ELEMENTS (KOHA)
Koha item type Books
Holdings
Withdrawn status Lost status Damaged status Not for loan Location (home branch) Sublocation or collection (holding branch) Date acquired Koha issues (times borrowed) Koha full call number Accession No. Koha date last seen Koha item type
        VIVEKANANDA LIBRARY VIVEKANANDA LIBRARY 08/08/2002   514 J78I 130511 17/09/2023 Books
        VIVEKANANDA LIBRARY VIVEKANANDA LIBRARY 08/08/2002   514 J78I 253944 17/09/2023 Books
        VIVEKANANDA LIBRARY VIVEKANANDA LIBRARY 08/08/2002   514 J78I 253945 17/09/2023 Books
        VIVEKANANDA LIBRARY VIVEKANANDA LIBRARY 08/08/2002   514 J78I 253946 17/09/2023 Books
        VIVEKANANDA LIBRARY VIVEKANANDA LIBRARY 08/08/2002   514 J78I 253947 17/09/2023 Books
        VIVEKANANDA LIBRARY VIVEKANANDA LIBRARY 08/08/2002   514 J78I 253948 17/09/2023 Books
        VIVEKANANDA LIBRARY VIVEKANANDA LIBRARY 08/08/2002   514 J78I 253949 17/09/2023 Books
        VIVEKANANDA LIBRARY VIVEKANANDA LIBRARY 08/08/2002   514 J78I 253950 17/09/2023 Books
        VIVEKANANDA LIBRARY VIVEKANANDA LIBRARY 08/08/2002 1 514 J78I 253951 10/12/2025 Books
        VIVEKANANDA LIBRARY VIVEKANANDA LIBRARY 08/08/2002   514 J78I 253952 17/09/2023 Books
        VIVEKANANDA LIBRARY VIVEKANANDA LIBRARY 08/08/2002   514 J78I 253953 17/09/2023 Books
© Designed and Maintained by Vivekananda Library, MDU Rohtak